000 00501nam a2200169 i 4500
001 21685
003 ES-MaACL
005 20230906152527.0
007 t|
008 021127s1923 mx ||||1| spa d
100 1 _aAlbiñana Sanz, José María,
_d1883-1936
_919387
245 1 0 _aSol de levante
_b: novela /
_cJosé Mª Albiñana Sanz.
260 _aMéxico :
_bSisniega,
_c[1923] (
_fMexicana)
300 _a430 p. ;
_c19 cm.
852 _aES-MaACL
_jC-23720
_bR.52749
999 _c21685
_d21685